|
|
|
|
| LEADER |
00000nab a2200000 a 4500 |
| 001 |
vtls000585175 |
| 003 |
SK-MaSNL |
| 005 |
20260303011425.0 |
| 008 |
160204c1995 xo 0 slo |
| 015 |
|
|
|a SNBRB19rr/mm-uuuuu
|
| 035 |
|
|
|a CL0585314
|
| 040 |
|
|
|a SNKBUCL
|b slo
|c SNKBUCL
|e AACR2
|
| 041 |
0 |
|
|a slo
|
| 044 |
|
|
|a xo
|c SK
|
| 080 |
|
|
|a 14
|2 1981
|
| 080 |
|
|
|a 111.83
|2 1981
|
| 100 |
1 |
|
|a Nola, Robert
|4 aut
|9 990010
|
| 245 |
1 |
0 |
|a Robert Nola: Postmodernizmus ako francúzsky kultúrny Černobyľ: Foucault o moci/vedení
|c Robert Nola ; Prekl. Igor Hanzel
|
| 300 |
|
|
|b Lit. 22 zázn. v angl.
|
| 650 |
0 |
7 |
|a epistemiológia
|2 snkbucl
|9 446228
|
| 655 |
|
7 |
|a články z novín a časopisov
|2 snkbucl
|9 267496
|
| 700 |
1 |
|
|a Hanzel, Igor,
|d 1957-
|4 trl
|9 166047
|
| 700 |
1 |
|
|a Foucault, Jean Bernard Léon,
|d 1819-1868
|4 aut
|9 144071
|
| 773 |
0 |
|
|t Filozofia
|g Roč. 50, č. 4 (1995), s. 172-191
|x 0046-385X
|
| 850 |
|
|
|a Slovenská národná knižnica v Martine
|a MTA001
|
| 852 |
|
|
|a SNK
|b KIS3GCP
|
| 958 |
|
|
|a NB
|
| 958 |
|
|
|a RK
|
| 992 |
|
|
|a RBX
|
| 999 |
|
|
|c 1592016
|d 1593946
|